000 00402nam a2200157Ia 4500
003 GCL
008 140319s9999 xx 000 0 eng d
040 _aGCL /
_cGCL
082 0 4 _a751.73
_bC N
100 1 _aCOOPER,MARTHA
245 1 0 _aR.I.P:NEW YORK SPRAYCAN MEMORIALS /
_cCOOPER,MARTHA
260 _a[S.N] :
_bTHAMES AND HUDSON ،
_c1994
300 _a96
650 0 4 _aSTREET ART
942 _2ddc
_cBK
999 _c23884
_d23884